Ricostruisci la Carriera del Calciatore - David Beckham - Statistics

Statistiche generali
  • Questo quiz è stato fatto 32 volte
  • Il punteggio medio è 7 su 10
Statistiche sulle risposte
Hint Risposta % Corretto
1995 Preston N.E.
96%
1995-2003 Manchester Utd
92%
2003-2007 Real Madrid
84%
2009 Milan
80%
2013 Paris Saint-Germain
72%
2009-2010 LA Galaxy
56%
2010 Milan
52%
2007-2009 LA Galaxy
48%
1993-1995 Manchester Utd
48%
2010-2013 LA Galaxy
40%
Nessun quiz corrispondente trovato
Distribuzione punteggi
Percentuale di utenti per punteggio
Percentile per numero di risposta
I tuoi punteggi nel tempo
Non hai fatto questo quiz